000
00294nam a2200109Ia 4500
005
20251222141906.0
008
251222s9999||||xx |||||||||||||| ||spa||
082
_a
363.358.5/I59
245
0
_a
Compendio Estadístico de Prevención y Atención de Desastres 2006
264
_b
Sinadeci
942
_c
LIB
999
_c
8241
_d
8241